000 02566nam0a2200373 4500
001 RU\NLR\BIBL_A\012675258
005 20220328113036.0
010 _a978-5-7367-1629-6
_9500
021 _aRU
_bКН-П-21-058207
_9КН-П-21-4539
035 _a(NLR Aleph) 012675258
090 _a12797443
_c12797443
100 _a20211223d2021 k y0rusy50 ca
101 0 _arus
_deng
102 _aRU
105 _aa|||z|||000zy
181 0 _ai
_baxxe
182 0 _an
200 1 _aРегиональный опыт инновационной деятельности в АПК
_eаналитический обзор
_fВ.Н. Кузьмин, Т.Е. Маринченко А.П. Королькова [и др.]
_gМинистерство сельского хозяйства Российской Федерации, Федеральное государственное бюджетное научное учреждение "Российский научно-исследовательский институт информации и технико-экономических исследований по инженерно-техническому обеспечению агропромышленного комплекса" (ФГБНУ "Росинформагротех")
203 _aТекст
_bвизуальный
_cнепосредственный
210 _aМосква
_cРосинформагротех
_d2021
215 _a93 с.
_cцв. ил.
_d20
300 _aАвт. указаны на обороте тит. с.
320 _aБиблиогр.: с. 79-92 (154 назв.)
606 1 _aАгропромышленные комплексы
_xИнновации
_yРоссийская Федерация
_2nlr_sh1
_2nlr_sh2
_3RU\NLR\AUTH\661377677
686 1 _aУ32(2)-434-55(2Р)
701 1 _aКузьмин
_bВ. Н.
_cд-р экон. наук
_gВалерий Николаевич
_3RU\NLR\AUTH\7737749
701 1 _aМаринченко
_bТ. Е.
_f1973-
_gТатьяна Евгеньевна
701 1 _aКоролькова
_bА. П.
_gАнтонина Павловна
712 0 2 _aРоссийский НИИ информации и технико-экономических исследований по инженерно-техническому обеспечению агропромышленного комплекса
_cпос. Правдинский, Московская обл.
_3RU\NLR\AUTH\8826104
_4475
942 _cBOOK
980 _aNB